• 首页
  • 本馆介绍
  • 公告通知
  • 最新文献
  • 馆藏检索
  • 电子资源
  • 读者导购
  • 参考咨询
  • 我的图书馆
  • 登录
  • 详细信息显示
  • 放入我的书架
  • 预约/预借图书
  • 作者相关作品
  • 分类相关作品
  • 丛书相关作品
  • 出版社相关作品

书目信息

  • 表格格式
  • 工作单格式
  • 卡片格式
题名:
齐白石画虾画蟹
    
 
作者: 齐白石 绘
分册:  
出版信息: 杭州   西冷印社  1992.01
页数: 64幅
开本: 50cm
丛书名: 名家技法画谱=A Book on the Art of Painting of Famous Expent's Skill
单 册:
中图分类: J221.9
科图分类:
主题词: 绘画--中国
电子资源:
ISBN: 7-80517-091-6
000 00736nam0 2200217 45
001 0003061591
005 20040518092231.2
010    @a7-80517-091-6@dCNY25.00
100    @a20000306d1992 km y0chiy0120 ea
101    @achi
105    @aa z 000yy
200 1  @a齐白石画虾画蟹@f齐白石绘@AQi Bai Shi Hua Xia Hua Xie@AQi Bai Shi Hua Xia Hua Xie@FQi Bai Shi Hui
210    @a杭州@c西冷印社@d1992.01
215    @a64幅@c图@d50cm
225    @a名家技法画谱=A Book on the Art of Painting of Famous Expent's Skill
410    @12001 @a名家技法画谱=A Book on the Art of Painting of Famous Expent's Skill
606 0  @a绘画@y中国
690    @aJ221.9@v1
701  0 @a齐白石@4绘
801    @aCN@bTSTC@c20000306
905    @dJ221.9@e129:2@f1@b285527
    
    齐白石画虾画蟹/齐白石绘.-杭州:西冷印社,1992.01
    64幅:图;50cm.-(名家技法画谱=A Book on the Art of Painting of Famous Expent's Skill)
    
    
    ISBN 7-80517-091-6:CNY25.00
    
●
相关链接 在E读中查询图书 在五车中查询图书 在当当中查询图书 在豆瓣中查询图书


正题名:齐白石画虾画蟹     索取号:J221.9/129:2         预约/预借

序号 登录号 条形码 馆藏地/架位号 状态 备注
1 0285526   002855262   第一样本阅览室/ [索取号:J221.9/129:2] 在馆    
2 0285527   002855271   第一借阅区/ [索取号:J221.9/129:2] 在馆    
唐山师范学院图书馆 欢迎您!
大连网信软件有限公司© 版权所有